LEADER 00737nam a2200205 i 4500 001 000000162317 003 CaOOAMICUS 005 20080104000000.0 008 080104s1968 it u000 u ita u 013 $a139681 040 $aSeMil$bita 100 1 $aArrighi, Bartolomeo.$0(OLS)http://semarc/name/8516 245 10$a1 /$cscritta da Bartolomeo Arrighi. 250 $aRist. anast. 300 $aVIII, 174 p., 5 c. di tav. :$bill. 773 0 $aArrighi, Bartolomeo$tStoria di Castiglione delle Stiviere.$d[S.l. : s.n.], 1968$g1$w()19018 850 $aSeMil 852 $aSeMil$W1$xVenegono$y1$m3P III 296$j113671$B113671$CSeMilBibl$Z2$F130426 $81 961 $aLascito: Colombo Card. Giovanni 996 $6245$a1$9(OLS)http://semarc/title/46247 LEADER 00881nam a2200205 i 4500 001 000000255659 003 CaOOAMICUS 005 20171010000000.0 008 171010s1809 xx u000 u fre u 013 $a234567 026 $argi- esl- e-s. mido (3) 1809 (A) 040 $aSeMil$bita 245 10$aTome 4. 300 $a[4], 559, [3] p. 773 0 $aRoyou, Jacques Corentin <1749-1828>$tHistoire romaine, depuis la fondation de Rome jusqu'au rčgne d'Auguste; par Jacques-Corentin Royou. Tome 1. [-4.].$dParis : Chez l' Auteur, rue de l'Eperon, n° 9 : [chez] Le Normant, imprimeur-libraire, rue des Prčtres Saint-Germain-l'Auxerrois, n° 17, 1809.$g4$w()5233 850 $aSeMil 852 $aSeMil$W1$xVenegono$y1$m3V II 86 FA$j206005$B206005$CSeMilBibl$Z2$F219427 $8I 941 1 $a10 961 $aRecupero: Mantegazza 996 $6245$aTome 4$9(OLS)http://semarc/title/1585 LEADER 00798nam a2200181 i 4500 001 000000236910 003 CaOOAMICUS 005 20141215000000.0 008 141215n it u000 u ita u 013 $a215815 040 $aSeMil$bita 245 13$aLa soluzione cristiana della questione sociale. 650 4$aQuestione sociale - Dottrina cristiana.$0(OLS)http://semarc/subject/5364 700 1 $aTurco, Natale.$0(OLS)http://semarc/name/10128 773 0 $aTurco, Natale$tQuestione sociale nella sua genesi, ne' suoi aspetti e nella sua soluzione.$dMilano : Vita e Pensiero, 1922.$gVolume2$w()31106 850 $aSeMil 852 $aSeMil$W1$xVenegono$y1$m3N I 89$j187256$B187256$CSeMilBibl$Z2$F198115 $81 996 $6245$aLa soluzione cristiana della questione sociale$9(OLS)http://semarc/title/337615 LEADER 01136nam a2200253 i 4500 001 000000054100 003 CaOOAMICUS 005 20111102000000.0 008 111102s1936 it u000 u ita u 013 $a25272 040 $aSeMil$bita 100 1 $aMussolini, Benito <1883-1945>.$0(OLS)http://semarc/name/1154 245 10$aVomere e Spada :$bpensieri e massime /$cRaccolti dagli scritti e discorsi di Benito Mussolini ; A cura di Lena Trivulzio della Somaglia. 250 $aUnica edizione autorizzata. 260 $aMilano :$bUlrico Hoepli,$ccopyr. 1936. 300 $a141 p. ;$c23 cm. 500 $aIn preliminari : Dedica autografata. 650 4$aMussolini, Benito <1883-1945> - Scritti e discorsi.$0(OLS)http://semarc/subject/4071 700 1 $aTrivulzio della Somaglia, Lena .$0(OLS)http://semarc/name/26859 850 $aSeMil 852 $aSeMil$W1$xVenegono$y1$m3U IV 2$j20254$B20254$CSeMilBibl$Z2$F20256 $81 961 $aOmaggio: Donazione 996 $6245$aVomere e Spada :$bpensieri e massime$9(OLS)http://semarc/title/83635 996 $6260$aMilano :$bUlrico Hoepli$9(OLS)http://semarc/publisher/29765 LEADER 00921nam a2200241 i 4500 001 000000074260 003 CaOOAMICUS 005 20070510000000.0 008 070510s1963 it u000 u ita u 013 $a45432 040 $aSeMil$bita 245 13$aIl Risorgimento /$ca cura di Luigi Ferrante. 260 $aMilano :$bNuova Accademia,$ccopyr. 1963. 300 $a178 p. ;$c18 cm. 490 0 $aLa letteratura italiana 500 $aContiene : Nota bibliografica. 650 4$aRisorgimento italiano.$0(OLS)http://semarc/subject/4116 700 1 $aFerrante, Luigi.$0(OLS)http://semarc/name/36814 830 3$aLa letteratura italiana.$0(OLS)http://semarc/title/23332 850 $aSeMil 852 $aSeMil$W1$xVenegono$y1$m1C I 118$j40412$B40412$CSeMilBibl$Z2$F40416 $81 996 $6245$aIl Risorgimento$9(OLS)http://semarc/title/15044 996 $6260$aMilano :$bNuova Accademia$9(OLS)http://semarc/publisher/34120 LEADER 01297nam a2200301 i 4500 001 000000119203 003 CaOOAMICUS 005 20031021000000.0 008 031021s1995 it u000 u ita u 013 $a91896 020 $a88-307-0593-4 040 $aSeMil$bita 100 1 $aTepe, Valfredo.$0(OLS)http://semarc/name/49723 240 10$aPresbķtero hoje.$0(OLS)http://semarc/title/175167 245 10$aPreti fratelli nella Chiesa Madre :$bSpiritualitą presbiterale dalle Chiese dell'America Latina /$cValfredo Tepe. 260 $aBologna :$bEMI,$c1995. 300 $a140 p. ;$c19 cm. 490 0 $aSpiritualitą missionaria 500 $aFondo Card. C.M. Martini. 650 4$aSacerdozio - America latina - Spiritualitą.$0(OLS)http://semarc/subject/22303 830 0$aSpiritualitą missionaria.$0(OLS)http://semarc/title/367 850 $aSeMil 852 $aSeMil$W1$xVenegono$y1$m3G I 39$j74436$B74436$CSeMilBibl$Z2$F86029 $81 941 1 $a4 961 $aOmaggio: Martini Card. Carlo Maria 996 $6020$a88-307-0593-4$9(OLS)http://semarc/number/104014 996 $6245$aPreti fratelli nella Chiesa Madre :$bSpiritualitą presbiterale dalle Chiese dell'America Latina$9(OLS)http://semarc/title/175166 996 $6260$aBologna :$bEMI$9(OLS)http://semarc/publisher/29618